[Event "WJCC U20 Girls 2019"]
[Site "New Delhi"]
[Date "2019.10.15"]
[Round "1.43"]
[White "Afraoui, Anaelle"]
[Black "Dahampriya, H K T Dewnethmie"]
[Result "1-0"]
[WhiteElo "2106"]
[BlackElo "1629"]
[Annotator "NA"]
[PlyCount "131"]
[EventDate "2019.10.15"]
[EventType "swiss"]
[EventCountry "IND"]
[SourceTitle "playchess.com"]
[Source "ChessBase"]
[SourceQuality "1"]
[TimeControl "40/5400+30:1800+30"]

1. e4 {[%emt 0:00:00]} c5 {[%emt 0:00:00]} 2. Nf3 {[%emt 0:00:00]} d6 {[%emt 0:00:00]} 3. d4 {[%emt 0:00:00]} cxd4 {[%emt 0:00:00]} 4. Nxd4 {[%emt 0:00:10]} Nf6 {[%emt 0:00:00]} 5. Nc3 {[%emt 0:00:34]} a6 {[%emt 0:00:00]} 6. g3 {[%emt 0:00:25]} e5 {[%emt 0:00:20]} 7. Nde2 {[%emt 0:00:59]} Be7 {[%emt 0:01:03]} 8. Bg2 {[%emt 0:00:18]} Nc6 {[%emt 0:00:33]} 9. a4 {[%emt 0:02:58]} O-O {[%emt 0:02:02]} 10. O-O {[%emt 0:00:42]} b6 {[%emt 0:04:36]} 11. h3 {[%emt 0:03:20]} Bb7 {[%emt 0:02:27]} 12. g4 {[%emt 0:02:05]} Rc8 {[%emt 0:02:04]} 13. Ng3 {[%emt 0:08:25]} Nd4 {[%emt 0:06:42]} 14. Be3 {[%emt 0:01:59]} Ne6 {[%emt 0:05:07]} 15. Nf5 {[%emt 0:11:09]} Re8 {[%emt 0:01:26]} 16. g5 {[%emt 0:04:29]} Nd7 {[%emt 0:05:59]} 17. Nxd6 {[%emt 0:02:21]} Bxd6 {[%emt 0:00:06]} 18. Qxd6 {[%emt 0:00:15]} Rc6 {[%emt 0:01:09]} 19. Qd2 {[%emt 0:01:10]} Qc8 {[%emt 0:01:09]} 20. Rfd1 {[%emt 0:02:50]} Ndf8 {[%emt 0:00:38]} 21. Rac1 {[%emt 0:04:18]} Ng6 {[%emt 0:13:05]} 22. Nd5 {[%emt 0:02:04]} b5 {[%emt 0:01:00]} 23. a5 {[%emt 0:08:07]} Nef4 {[%emt 0:08:35]} 24. Nxf4 {[%emt 0:08:44]} Nxf4 {[%emt 0:00:35]} 25. Bxf4 {[%emt 0:00:16]} exf4 {[%emt 0:00:06]} 26. Qxf4 {[%emt 0:00:17]} Rc4 {[%emt 0:01:14]} 27. Qf5 {[%emt 0:07:32]} Bxe4 {[%emt 0:05:43]} 28. Bxe4 {[%emt 0:05:06]} Rcxe4 {[%emt 0:00:32]} 29. Qxc8 {[%emt 0:00:09]} Rxc8 {[%emt 0:00:07]} 30. Rd6 {[%emt 0:03:20]} Re6 {[%emt 0:00:20]} 31. Rcd1 {[%emt 0:01:16]} Kf8 {[%emt 0:01:07]} 32. Rxe6 {[%emt 0:02:07]} fxe6 {[%emt 0:00:10]} 33. c3 {[%emt 0:00:04]} Ke7 {[%emt 0:00:35]} 34. Kg2 {[%emt 0:00:12]} Rc4 {[%emt 0:00:26]} 35. Kf3 {[%emt 0:02:51]} Rh4 {[%emt 0:03:50]} 36. Kg3 {[%emt 0:11:03]} Rc4 {[%emt 0:00:50]} 37. Rd3 {[%emt 0:01:05]} b4 {[%emt 0:02:30]} 38. Kf3 {[%emt 0:01:18]} b3 {[%emt 0:03:01]} 39. Ke3 {[%emt 0:03:50]} Rc5 {[%emt 0:01:28]} 40. f4 {[%emt 0:00:45]} Rxa5 {[%emt 0:00:57]} 41. c4 {[%emt 0:30:35]} Ra4 {[%emt 0:33:46]} 42. Kd4 {[%emt 0:00:00]} Rb4 {[%emt 0:00:00]} 43. Kc3 {[%emt 0:00:00]} Rb7 {[%emt 0:00:00]} 44. c5 {[%emt 0:00:00]} a5 {[%emt 0:00:00]} 45. Rd4 {[%emt 0:00:00]} Rb5 {[%emt 0:00:00]} 46. c6 {[%emt 0:00:00]} Rc5+ {[%emt 0:00:00]} 47. Rc4 {[%emt 0:00:00]} Rxc4+ {[%emt 0:00:00]} 48. Kxc4 {[%emt 0:00:00]} Kd6 {[%emt 0:00:00]} 49. Kb5 {[%emt 0:00:00]} Kc7 {[%emt 0:00:00]} 50. Kxa5 {[%emt 0:00:00]} Kxc6 {[%emt 0:00:00]} 51. Kb4 {[%emt 0:00:00]} Kd5 {[%emt 0:00:00]} 52. Kxb3 {[%emt 0:00:00]} Ke4 {[%emt 0:00:00]} 53. Kc2 {[%emt 0:00:00]} Kxf4 {[%emt 0:00:00]} 54. b4 {[%emt 0:00:00]} Ke4 {[%emt 0:00:00]} 55. Kc3 {[%emt 0:00:00]} Kd5 {[%emt 0:00:00]} 56. Kd3 {[%emt 0:00:00]} h6 {[%emt 0:00:00]} 57. g6 {[%emt 0:00:00]} h5 {[%emt 0:00:00]} 58. b5 {[%emt 0:00:00]} h4 {[%emt 0:00:00]} 59. b6 {[%emt 0:00:00]} Kc6 {[%emt 0:00:00]} 60. Ke4 {[%emt 0:00:00]} Kxb6 {[%emt 0:00:00]} 61. Ke5 {[%emt 0:00:00]} Kc5 {[%emt 0:00:00]} 62. Kxe6 {[%emt 0:00:00]} Kd4 {[%emt 0:00:00]} 63. Kf7 {[%emt 0:00:00]} Ke3 {[%emt 0:00:00]} 64. Kxg7 {[%emt 0:00:00]} Kf3 {[%emt 0:00:00]} 65. Kh6 {[%emt 0:00:00]} Kg3 {[%emt 0:00:00]} 66. g7 {[%emt 0:00:00]} 1-0

[Event "WJCC U20 Girls 2019"]
[Site "New Delhi"]
[Date "2019.10.15"]
[Round "1.44"]
[White "Abdala Cancino, Patricia Anastas"]
[Black "Dwilewicz, Katarzyna"]
[Result "0-1"]
[WhiteElo "1608"]
[BlackElo "2106"]
[Annotator "NA"]
[PlyCount "36"]
[EventDate "2019.10.15"]
[EventType "swiss"]
[EventCountry "IND"]
[SourceTitle "playchess.com"]
[Source "ChessBase"]
[SourceQuality "1"]
[TimeControl "40/5400+30:1800+30"]

1. e4 {[%emt 0:00:00]} e5 {[%emt 0:00:00]} 2. Nf3 {[%emt 0:00:00]} Nc6 {[%emt 0:00:00]} 3. Bc4 {[%emt 0:00:18]} Bc5 {[%emt 0:00:09]} 4. c3 {[%emt 0:00:26]} Nf6 {[%emt 0:00:12]} 5. d3 {[%emt 0:00:06]} O-O {[%emt 0:00:19]} 6. Bb3 {[%emt 0:00:16]} a6 {[%emt 0:00:50]} 7. Be3 {[%emt 0:00:39]} Ba7 {[%emt 0:07:53]} 8. Bxa7 {[%emt 0:01:10]} Rxa7 {[%emt 0:00:07]} 9. Nbd2 {[%emt 0:00:11]} d6 {[%emt 0:00:42]} 10. O-O {[%emt 0:00:20]} Ne7 {[%emt 0:01:08]} 11. Nh4 {[%emt 0:01:08]} d5 {[%emt 0:10:17]} 12. f4 {[%emt 0:02:01]} exf4 {[%emt 0:05:17]} 13. Rxf4 {[%emt 0:04:00]} Qd6 {[%emt 0:04:56]} 14. Qf1 {[%emt 0:01:43]} Ng4 {[%emt 0:16:14]} 15. Qf3 {[%emt 0:03:07]} Ne5 {[%emt 0:04:42]} 16. Qe3 {[%emt 0:02:31]} Nxd3 {[%emt 0:05:05]} 17. Rff1 {[%emt 0:01:47]} Qc5 {[%emt 0:07:13]} 18. Rf3 {[%emt 0:01:15]} c6 {[%emt 0:04:33]} 0-1

[Event "WJCC U20 Girls 2019"]
[Site "New Delhi"]
[Date "2019.10.15"]
[Round "1.45"]
[White "Katkov, Michelle"]
[Black "Du Plessis, Anika"]
[Result "*"]
[WhiteElo "2106"]
[BlackElo "1594"]
[Annotator "NA"]
[PlyCount "34"]
[EventDate "2019.10.15"]
[EventType "swiss"]
[EventCountry "IND"]
[SourceTitle "playchess.com"]
[Source "ChessBase"]
[SourceQuality "1"]
[TimeControl "40/5400+30:1800+30"]

1. e4 {[%emt 0:00:00]} c5 {[%emt 0:00:00]} 2. c3 {[%emt 0:00:00]} Nf6 {[%emt 0:00:00]} 3. e5 {[%emt 0:00:00]} Nd5 {[%emt 0:00:26]} 4. d4 {[%emt 0:00:00]} cxd4 {[%emt 0:01:16]} 5. cxd4 {[%emt 0:00:00]} d6 {[%emt 0:05:08]} 6. Nf3 {[%emt 0:00:04]} Nc6 {[%emt 0:01:12]} 7. Bc4 {[%emt 0:00:16]} Nb6 {[%emt 0:01:37]} 8. Bb5 {[%emt 0:00:13]} a6 {[%emt 0:00:51]} 9. Bxc6+ {[%emt 0:02:11]} bxc6 {[%emt 0:00:15]} 10. O-O {[%emt 0:02:14]} g6 {[%emt 0:01:55]} 11. Re1 {[%emt 0:07:42]} Bg7 {[%emt 0:04:03]} 12. Bg5 {[%emt 0:03:23]} d5 {[%emt 0:10:38]} 13. Nc3 {[%emt 0:09:35]} O-O {[%emt 0:03:17]} 14. Na4 {[%emt 0:08:13]} Nxa4 {[%emt 0:05:11]} 15. Qxa4 {[%emt 0:00:12]} Bd7 {[%emt 0:00:09]} 16. Qa3 {[%emt 0:10:46]} Re8 {[%emt 0:02:32]} 17. Rac1 {[%emt 0:05:34]} Bf8 {[%emt 0:00:00]} *

[Event "WJCC U20 Girls 2019"]
[Site "New Delhi"]
[Date "2019.10.15"]
[Round "1.46"]
[White "Djuric, Anja"]
[Black "Ferkova, Dominika"]
[Result "0-1"]
[WhiteElo "1493"]
[BlackElo "2096"]
[Annotator "NA"]
[PlyCount "41"]
[EventDate "2019.10.15"]
[EventType "swiss"]
[EventCountry "IND"]
[SourceTitle "playchess.com"]
[Source "ChessBase"]
[SourceQuality "1"]
[TimeControl "40/5400+30:1800+30"]

1. e4 {[%emt 0:00:00]} c6 {[%emt 0:00:00]} 2. d4 {[%emt 0:00:00]} d5 {[%emt 0:00:00]} 3. e5 {[%emt 0:00:00]} Bf5 {[%emt 0:00:00]} 4. Nf3 {[%emt 0:00:26]} e6 {[%emt 0:00:06]} 5. Be2 {[%emt 0:00:11]} Ne7 {[%emt 0:00:14]} 6. O-O {[%emt 0:01:01]} h6 {[%emt 0:00:24]} 7. h3 {[%emt 0:01:33]} Nd7 {[%emt 0:00:23]} 8. b3 {[%emt 0:00:58]} Bh7 {[%emt 0:02:40]} 9. Bb2 {[%emt 0:02:16]} Ng6 {[%emt 0:00:35]} 10. Nbd2 {[%emt 0:02:33]} Nf4 {[%emt 0:02:22]} 11. Re1 {[%emt 0:01:12]} Nxe2+ {[%emt 0:01:14]} 12. Rxe2 {[%emt 0:00:40]} Be7 {[%emt 0:00:19]} 13. Nf1 {[%emt 0:00:36]} O-O {[%emt 0:04:11]} 14. Rc1 {[%emt 0:08:15]} c5 {[%emt 0:05:59]} 15. c4 {[%emt 0:03:29]} dxc4 {[%emt 0:02:19]} 16. bxc4 {[%emt 0:03:44]} cxd4 {[%emt 0:01:50]} 17. Nxd4 {[%emt 0:04:01]} a6 {[%emt 0:02:06]} 18. Nb3 {[%emt 0:08:20]} Nc5 {[%emt 0:03:21]} 19. Nxc5 {[%emt 0:03:28]} Bxc5 {[%emt 0:01:11]} 20. Rd2 {[%emt 0:08:02]} Qg5 {[%emt 0:03:57]} 21. Qf3 {[%emt 0:02:53]} 0-1

[Event "WJCC U20 Girls 2019"]
[Site "New Delhi"]
[Date "2019.10.15"]
[Round "1.47"]
[White "Kairbekova, Amina"]
[Black "Reid, Caitlin"]
[Result "1-0"]
[WhiteElo "2096"]
[BlackElo "1489"]
[Annotator "NA"]
[PlyCount "30"]
[EventDate "2019.10.15"]
[EventType "swiss"]
[EventCountry "IND"]
[SourceTitle "playchess.com"]
[Source "ChessBase"]
[SourceQuality "1"]
[TimeControl "40/5400+30:1800+30"]

1. e4 {[%emt 0:00:00]} c5 {[%emt 0:00:00]} 2. Nf3 {[%emt 0:00:00]} Nc6 {[%emt 0:00:04]} 3. d4 {[%emt 0:00:00]} cxd4 {[%emt 0:00:12]} 4. Nxd4 {[%emt 0:00:00]} g6 {[%emt 0:00:21]} 5. c4 {[%emt 0:00:00]} Bg7 {[%emt 0:00:18]} 6. Be3 {[%emt 0:00:00]} e6 {[%emt 0:07:42]} 7. Nc3 {[%emt 0:03:45]} a6 {[%emt 0:02:00]} 8. Be2 {[%emt 0:02:05]} Nge7 {[%emt 0:00:41]} 9. O-O {[%emt 0:00:49]} Qc7 {[%emt 0:01:59]} 10. Kh1 {[%emt 0:03:20]} b6 {[%emt 0:05:40]} 11. f4 {[%emt 0:00:29]} Bb7 {[%emt 0:00:54]} 12. Rc1 {[%emt 0:10:22]} h5 {[%emt 0:03:58]} 13. Na4 {[%emt 0:00:44]} Nc8 {[%emt 0:14:43]} 14. Bf3 {[%emt 0:08:40]} e5 {[%emt 0:03:32]} 15. Ne2 {[%emt 0:01:51]} Bh6 {[%emt 0:10:07]} 1-0

[Event "WJCC U20 Girls 2019"]
[Site "New Delhi"]
[Date "2019.10.16"]
[Round "2.1"]
[White "Tsolakidou, Stavroula"]
[Black "Mrudul Dehankar"]
[Result "0-1"]
[WhiteElo "2431"]
[BlackElo "2227"]
[Annotator "TA"]
[PlyCount "36"]
[EventDate "2019.10.15"]
[EventType "swiss"]
[EventCountry "IND"]
[SourceTitle "playchess.com"]
[Source "ChessBase"]
[SourceQuality "1"]

{[%evp 11,42,18,16,8,12,10,21,20,7,12,33,36,0,-19,-18,-25,0,-33,0,-183,-22,-192,-184,-155,-113,-991,1336,-2360,-2337,-2293,-2221,-2085,-460]} 1. e4 c6 2. d4 d5 3. exd5 cxd5 4. Bd3 Nc6 5. c3 Qc7 6. Ne2 Bg4 7. O-O {B13: Caro-Kann: Exchange Variation and Panov-Botvinnik Attack} e6 (7... Nf6 8. Qe1 Qc8 9. Ng3 h5 10. f3 Bd7 11. Bf4 h4 12. Ne2 Bf5 13. Bxf5 Qxf5 14. h3 e6 {½-½ (26) Kamsky,G (2666)-Vitiugov,N (2709) Germany 2019}) 8. Qe1 Nf6 9. f3 {The position is equal.} Bh5 $1 10. Qh4 {next Nf4 is good for White.} Rg8 11. Bxh7 Bxf3 12. Bxg8 Bxe2 13. Rxf6 gxf6 14. Qxf6 (14. Bf4 $5 {[%cal Rf4c7]} e5 15. Nd2 $11) 14... Bd6 (14... Qe7 $5 {[%cal Re7f6]} 15. Qh8 O-O-O $11) 15. Kf2 $146 (15. Bg5 $11 {and White stays safe.} Bxh2+ 16. Kh1) 15... Ba6 $2 (15... Bd3 $19 16. Bh7 {[%mdl 64] Decoy} Bxh7 17. Qh8+ Bf8 18. Qxh7 Nxd4 $1 {[%mdl 576] Pin}) 16. g3 $2 (16. Nd2 $1 $11 {and White is okay.}) 16... Qe7 $1 $36 {[%cal Re7f6][%mdl 3072] Black has strong compensation. Black is in control.} 17. Qg7 Kd7 {And now ...Rxg8! would win.} 18. Bh6 $2 {[%mdl 8192] [#]} (18. Kg2 $17) 18... Rxg8 {Played: Qe7-f6} 0-1

[Event "WJCC U20 Girls 2019"]
[Site "New Delhi"]
[Date "2019.10.16"]
[Round "2.2"]
[White "Kiolbasa, Oliwia"]
[Black "Salimova, Nurgyul"]
[Result "1/2-1/2"]
[WhiteElo "2223"]
[BlackElo "2415"]
[Annotator "TA"]
[PlyCount "67"]
[EventDate "2019.10.15"]
[EventType "swiss"]
[EventCountry "IND"]
[SourceTitle "playchess.com"]
[Source "ChessBase"]
[SourceQuality "1"]

{[%evp 12,67,39,25,30,22,53,34,38,39,42,32,30,27,38,35,43,22,34,-24,9,1,10,9,25,4,35,36,36,33,21,24,34,-17,-22,-38,-29,-50,-30,-29,-37,-45,-46,-52,-45,-61,-31,-52,0,0,0,0,0,0,0,0,0,0]} 1. e4 e5 2. Nf3 Nc6 3. Bb5 a6 4. Ba4 g6 5. O-O Bg7 6. c3 d6 7. h3 Nge7 $146 {C60: Ruy Lopez: Unusual Black 3rd moves and 3...g6} (7... Bd7 8. d4 Nf6 9. Re1 O-O 10. d5 Ne7 11. Bxd7 Nxd7 12. c4 h6 13. Nc3 f5 14. Rb1 Nf6 15. Nd2 fxe4 16. Ndxe4 {0-1 (33) Onischuk,V (2614)-Bogdanovich,S (2590) Lutsk 2016}) ({Predecessor:} 7... Bd7 8. d4 {½-½ (12) Gasik,A (2227)-Korniyuk,M (2136) Lvov 2013}) 8. d4 Bd7 9. d5 Nb8 {White is slightly better.} 10. c4 O-O 11. Nc3 h6 12. Rb1 f5 13. Bc2 f4 14. Nh2 g5 15. f3 (15. b3 $14) 15... h5 16. b4 Be8 17. a4 {[%cal Ba2a4,Ba4a5][%mdl 32]} Nd7 18. a5 Nf6 19. Bd2 Bd7 20. Bd3 Rf7 21. c5 Bf8 22. cxd6 (22. Be1 $14) 22... cxd6 $11 23. Na4 Nc8 $1 24. b5 {[%cal Bb4b5,Bb5a6,Ba6b7][%mdl 32]} g4 25. fxg4 hxg4 26. Nxg4 Nxg4 27. hxg4 Qh4 {[#] ...Rh7 is the strong threat.} 28. Be1 Qh6 {aiming for ...Rh7.} 29. bxa6 Rh7 (29... bxa6 $15 30. Nb6 Nxb6 31. axb6 Rg7) 30. axb7 {The position is equal.} Qh2+ 31. Kf2 Qg3+ {[%mdl 64] [#] Double Attack} 32. Kg1 Qh2+ 33. Kf2 Qg3+ {[%mdl 64] Double Attack} 34. Kg1 {Accuracy: White = 54%, Black = 64%.} 1/2-1/2

[Event "WJCC U20 Girls 2019"]
[Site "New Delhi"]
[Date "2019.10.16"]
[Round "2.3"]
[White "Olde, Margareth"]
[Black "Vaishali R"]
[Result "1/2-1/2"]
[WhiteElo "2205"]
[BlackElo "2385"]
[Annotator "TA"]
[PlyCount "97"]
[EventDate "2019.10.15"]
[EventType "swiss"]
[EventCountry "IND"]
[SourceTitle "playchess.com"]
[Source "ChessBase"]
[SourceQuality "1"]

{[%evp 12,97,29,36,22,10,64,60,68,73,78,66,108,120,113,29,68,41,56,42,57,57,46,28,24,12,21,13,13,13,29,25,39,20,49,43,53,53,53,53,53,53,53,53,74,0,13,15,35,20,58,58,58,60,62,63,61,63,58,58,59,0,0,0,0,0,0,0,0,-8,-8,-8,-8,-8,0,0,0,0,0,0,0,0,0,0,0,0,0,0]} 1. d4 Nf6 2. c4 e6 3. Nf3 d5 4. g3 dxc4 5. Bg2 a6 6. Ne5 c5 7. Na3 cxd4 {[#] White must now prevent ...Qa5+. E04: Open Catalan: 5 Nf3} 8. Naxc4 Bb4+ (8... Ra7 $11) (8... Bc5 9. O-O O-O 10. Bg5 h6 11. Bxf6 Qxf6 12. Qb3 Nd7 13. Nxd7 Bxd7 14. Qxb7 Bb5 15. Rac1 {½-½ (32) Postny,E (2585)-Mastrovasilis,D (2580) Rio Achaea 2018}) 9. Bd2 $14 Bxd2+ {White is slightly better.} 10. Qxd2 {And now Qb4 would win.} O-O 11. Rd1 Nd5 $146 ({Predecessor:} 11... Ra7 12. Qxd4 Qxd4 13. Rxd4 b5 14. Nd6 Rc7 15. Nxc8 Rfxc8 {1-0 (51) Sundorf,J (2070)-Mazarov,J (2167) Dortmund 2010}) 12. Qxd4 f6 13. Ng4 ({Don't play} 13. Bxd5 $6 exd5 14. Nf3 Nc6 $11) (13. Nd3 $16) 13... Qe7 14. Nb6 Nc6 15. Nxd5 exd5 16. Bxd5+ Be6 17. Bxe6+ Qxe6 18. Qd5 Qxd5 19. Rxd5 Nb4 $1 {[%cal Rb4d5]} 20. Rd7 Nxa2 21. O-O b5 22. Rfd1 $36 {[%mdl 2048] White has the initiative.} Nb4 23. h4 h5 24. Ne3 Rf7 25. Rxf7 Kxf7 {[%mdl 4096] Endgame KRN-KRN} 26. Rd7+ Kg6 27. f3 Nc6 28. g4 (28. Nd5 $16) 28... Ra7 29. Rd6 Ne7 30. Kf2 a5 31. Rb6 hxg4 32. fxg4 b4 33. Nc4 Rc7 34. Nxa5 Rc5 $1 {[%cal Rc5a5]} 35. Nb3 Rc4 $1 36. Kf3 (36. Kg3 $14) 36... Nc6 $11 {The position is equal.} 37. e4 Ne5+ 38. Kf4 Nd3+ 39. Ke3 Nxb2 {[#] ...Rc3+ is the strong threat.} 40. Nd2 Rc3+ 41. Ke2 Nd3 42. g5 Ne5 43. gxf6 gxf6 44. Rxb4 Rh3 45. Nc4 Rxh4 46. Nxe5+ fxe5 47. Kf3 Rf4+ 48. Ke3 Rh4 49. Kf3 {Accuracy: White = 59%, Black = 64%.} 1/2-1/2

[Event "WJCC U20 Girls 2019"]
[Site "New Delhi"]
[Date "2019.10.16"]
[Round "2.4"]
[White "Assaubayeva, Bibisara"]
[Black "Aakanksha Hagawane"]
[Result "1/2-1/2"]
[WhiteElo "2381"]
[BlackElo "2181"]
[Annotator "NA"]
[PlyCount "104"]
[EventDate "2019.10.15"]
[EventType "swiss"]
[EventCountry "IND"]
[SourceTitle "playchess.com"]
[Source "ChessBase"]
[SourceQuality "1"]
[TimeControl "40/5400+30:1800+30"]

1. d4 {[%emt 0:00:00]} Nf6 {[%emt 0:00:00]} 2. c4 {[%emt 0:00:00]} g6 {[%emt 0:00:00]} 3. Nc3 {[%emt 0:00:00]} d5 {[%emt 0:00:00]} 4. cxd5 {[%emt 0:00:00]} Nxd5 {[%emt 0:00:02]} 5. e4 {[%emt 0:00:04]} Nxc3 {[%emt 0:02:18]} 6. bxc3 {[%emt 0:00:02]} Bg7 {[%emt 0:00:09]} 7. Nf3 {[%emt 0:00:17]} c5 {[%emt 0:01:22]} 8. h3 {[%emt 0:00:16]} O-O {[%emt 0:01:28]} 9. Be2 {[%emt 0:00:06]} Nc6 {[%emt 0:01:46]} 10. Be3 {[%emt 0:00:16]} cxd4 {[%emt 0:03:42] D85: Exchange Grünfeld: Unusual White 7th moves and lines with 7 Nf3} 11. cxd4 {[%emt 0:00:02]} Qa5+ {[%emt 0:00:07]} (11... f5 12. Bc4+ Kh8 13. O-O f4 14. Bc1 Nxd4 15. Ba3 Qa5 16. Bxe7 Re8 17. Bd6 Rxe4 18. Rc1 {0-1 (79) Van Foreest,J (2618)-Vachier Lagrave,M (2780) La Roche sur Yon 2019}) 12. Bd2 {[%emt 0:00:11]} Qa3 {[%emt 0:02:39]} 13. d5 {[%emt 0:02:14]} Ne5 {[%emt 0:06:02]} 14. O-O {[%emt 0:00:28]} Nxf3+ {[%emt 0:05:36]} 15. Bxf3 {[%emt 0:00:08]} b6 {[%emt 0:07:02] [#]} 16. Rc1 $146 {[%emt 0:07:07]} ({Predecessor:} 16. Re1 Bb7 {½-½ (59) Parligras,M (2605)-Alsina Leal,D (2533) Barcelona 2017}) 16... Bb7 {[%emt 0:08:49]} 17. Bf4 {[%emt 0:08:37]} Rfc8 {[%emt 0:11:20]} 18. Qd2 {[%emt 0:06:21]} Bc3 {[%emt 0:06:57]} 19. Qe3 {[%emt 0:03:55]} Bb2 {[%emt 0:01:05]} 20. Rb1 {[%emt 0:04:02]} Qxe3 {[%emt 0:04:18]} 21. Bxe3 {[%emt 0:02:00]} Be5 {[%emt 0:03:03]} 22. a4 {[%emt 0:07:19]} Ba6 {[%emt 0:01:48]} 23. Rfd1 {[%emt 0:00:47]} Rc7 {[%emt 0:03:45]} 24. Bd4 {[%emt 0:04:00]} Bxd4 {[%emt 0:02:44]} 25. Rxd4 {[%emt 0:01:51]} Rd8 {[%emt 0:04:06]} 26. Rdd1 {[%emt 0:05:25]} Rc2 {[%emt 0:02:27]} 27. Rdc1 {[%emt 0:06:31]} Rdc8 {[%emt 0:02:06]} 28. Rxc2 {[%emt 0:06:50]} Rxc2 {[%emt 0:00:28]} 29. Bd1 {[%emt 0:05:39]} Rc5 {[%emt 0:05:54]} 30. f3 {[%emt 0:01:59]} Kf8 {[%emt 0:01:25]} 31. Kf2 {[%emt 0:01:01]} Ke8 {[%emt 0:00:27]} 32. Rb2 {[%emt 0:03:46]} Kd7 {[%emt 0:01:50]} 33. h4 {[%emt 0:02:53]} e6 {[%emt 0:03:57]} 34. dxe6+ {[%emt 0:01:48]} Kxe6 {[%emt 0:00:02]} 35. Rd2 {[%emt 0:01:54]} Ke7 {[%emt 0:00:18]} 36. g4 {[%emt 0:08:08]} h6 {[%emt 0:01:37]} 37. f4 {[%emt 0:02:38]} Rc3 {[%emt 0:01:15]} 38. g5 {[%emt 0:02:45]} hxg5 {[%emt 0:01:26]} 39. hxg5 {[%emt 0:00:04]} Rd3 {[%emt 0:02:05]} 40. Rxd3 {[%emt 0:00:37]} Bxd3 {[%emt 0:00:02]} 41. Ke3 {[%emt 0:30:13]} Ba6 {[%emt 0:32:12]} 42. Kd4 {[%emt 0:01:00]} Bc8 {[%emt 0:01:56]} 43. Bc2 {[%emt 0:03:11]} Bd7 {[%emt 0:00:00]} 44. Kd5 $11 {[%emt 0:00:00]} a5 {[%emt 0:00:00]} 45. f5 {[%emt 0:00:00]} gxf5 {[%emt 0:00:00]} 46. exf5 {[%emt 0:00:00]} b5 {[%emt 0:00:00]} 47. f6+ {[%emt 0:00:00]} Ke8 {[%emt 0:00:00]} 48. Kd6 {[%emt 0:00:00]} bxa4 {[%emt 0:00:00]} 49. g6 {[%emt 0:00:00]} fxg6 {[%emt 0:00:00]} 50. Bxg6+ {[%emt 0:00:00]} Kf8 {[%emt 0:00:00]} 51. Kxd7 {[%emt 0:00:00]} a3 {[%emt 0:00:00]} 52. Bb1 {[%emt 0:00:00]} Kf7 {[%emt 0:00:00]} 1/2-1/2

[Event "WJCC U20 Girls 2019"]
[Site "New Delhi"]
[Date "2019.10.16"]
[Round "2.5"]
[White "Potapova, Margarita"]
[Black "Cervantes Landeiro, Thalia"]
[Result "0-1"]
[WhiteElo "2377"]
[BlackElo "2176"]
[Annotator "NA"]
[PlyCount "56"]
[EventDate "2019.10.15"]
[EventType "swiss"]
[EventCountry "IND"]
[SourceTitle "playchess.com"]
[Source "ChessBase"]
[SourceQuality "1"]
[TimeControl "40/5400+30:1800+30"]

1. d4 {[%emt 0:00:00]} Nf6 {[%emt 0:00:00]} 2. c4 {[%emt 0:00:00]} g6 {[%emt 0:00:00]} 3. Nc3 {[%emt 0:00:00]} d5 {[%emt 0:00:00]} 4. cxd5 {[%emt 0:00:10]} Nxd5 {[%emt 0:00:05]} 5. e4 {[%emt 0:00:07]} Nxc3 {[%emt 0:00:08]} 6. bxc3 {[%emt 0:00:04]} Bg7 {[%emt 0:00:10]} 7. Nf3 {[%emt 0:00:08]} O-O {[%emt 0:01:20]} 8. Be3 {[%emt 0:00:55]} c5 {[%emt 0:00:39]} 9. Be2 {[%emt 0:00:17]} b6 {[%emt 0:02:08] D85: Exchange Grünfeld: Unusual White 7th moves and lines with 7 Nf3} 10. Rc1 {[%emt 0:00:29]} Bb7 {[%emt 0:02:45]} (10... e6 11. O-O Bb7 12. Qd3 Nd7 13. Bg5 {½-½ (13) Yu,Y (2764)-Artemiev,V (2709) St Petersburg 2018}) 11. d5 {[%emt 0:01:45]} Qc7 {[%emt 0:09:46]} 12. c4 {[%emt 0:03:16]} e6 $146 {[%emt 0:07:16]} ({Predecessor:} 12... Nd7 13. O-O Rfd8 14. Qb3 Nf6 15. Qc2 Bc8 16. h3 e5 17. Nd2 {1-0 (45) Garcia Gorostegui,E (1949)-Nunez,B (1849) Tacuari 2018}) 13. Qd2 {[%emt 0:03:29]} exd5 {[%emt 0:03:26]} 14. exd5 {[%emt 0:07:43]} Re8 {[%emt 0:03:14]} 15. h4 {[%emt 0:03:15]} Nd7 {[%emt 0:08:11]} 16. h5 {[%emt 0:01:11]} Nf6 {[%emt 0:05:16]} 17. h6 {[%emt 0:06:44]} Ne4 {[%emt 0:04:12]} 18. Qd3 {[%emt 0:03:14]} Bf6 {[%emt 0:05:04]} 19. O-O {[%emt 0:02:50]} Bc8 {[%emt 0:03:57]} 20. Rfe1 {[%emt 0:04:40]} Bf5 {[%emt 0:01:30]} 21. Qb3 {[%emt 0:00:31]} Re7 {[%emt 0:08:42]} 22. Bf1 {[%emt 0:08:31]} Rae8 {[%emt 0:03:42]} 23. a4 {[%emt 0:02:22]} Bg4 {[%emt 0:02:50]} 24. Nh2 {[%emt 0:05:15]} Bh5 {[%emt 0:04:53]} 25. Bd3 {[%emt 0:04:50]} Qd6 $11 {[%emt 0:08:20]} 26. Kh1 {[%emt 0:09:40]} Nxf2+ {[%emt 0:03:05]} 27. Bxf2 {[%emt 0:03:44]} Bd4 {[%emt 0:00:33]} 28. Rxe7 {[%emt 0:08:14]} Rxe7 {[%emt 0:01:01]} 0-1

[Event "WJCC U20 Girls 2019"]
[Site "New Delhi"]
[Date "2019.10.16"]
[Round "2.6"]
[White "Berdnyk, Mariia"]
[Black "Nilssen, Ellen Fredericia"]
[Result "1-0"]
[WhiteElo "2349"]
[BlackElo "2137"]
[Annotator "NA"]
[PlyCount "37"]
[EventDate "2019.10.15"]
[EventType "swiss"]
[EventCountry "IND"]
[SourceTitle "playchess.com"]
[Source "ChessBase"]
[SourceQuality "1"]
[TimeControl "40/5400+30:1800+30"]

1. c4 {[%emt 0:00:00]} Nf6 {[%emt 0:00:36]} 2. Nc3 {[%emt 0:00:00]} d5 {[%emt 0:01:16]} 3. cxd5 {[%emt 0:00:00]} Nxd5 {[%emt 0:00:09]} 4. g3 {[%emt 0:00:00]} g6 {[%emt 0:00:24]} 5. Bg2 {[%emt 0:00:00]} Nb6 {[%emt 0:00:19]} 6. d3 {[%emt 0:00:02]} Bg7 {[%emt 0:00:10]} 7. Be3 {[%emt 0:00:28]} O-O {[%emt 0:06:28]} 8. Qd2 {[%emt 0:00:13]} c6 $11 {[%emt 0:04:50]} 9. Nf3 {[%emt 0:01:47]} Na6 {[%emt 0:04:48]} 10. Bh6 {[%emt 0:10:17]} Nd5 {[%emt 0:13:17]} 11. h4 {[%emt 0:04:33]} Qd6 {[%emt 0:13:54]} 12. h5 {[%emt 0:02:08]} Bxh6 {[%emt 0:13:48]} 13. Qxh6 {[%emt 0:00:10]} gxh5 {[%emt 0:00:07]} 14. Qxd6 {[%emt 0:07:58]} exd6 {[%emt 0:00:10]} 15. Nxd5 {[%emt 0:00:08]} cxd5 {[%emt 0:00:11]} 16. Rxh5 {[%emt 0:00:04]} Be6 {[%emt 0:03:00]} 17. Kd2 {[%emt 0:01:32]} Rac8 {[%emt 0:04:47]} 18. Nd4 {[%emt 0:12:23]} Nb4 {[%emt 0:01:17]} 19. f4 {[%emt 0:02:44]} 1-0